[Event "Titled Tuesday intern op 23rd Apr Late"]
[Site "Chess.com INT"]
[Date "2024.04.23"]
[Round "9"]
[White "Ramsdal, Jens Albert"]
[Black "Ho, In Hei Henry"]
[Result "0-1"]
[WhiteElo "2376"]
[BlackElo "1762"]
[PlyCount "76"]
[EventDate "2024.04.23"]
[EventType "swiss (blitz)"]
[EventRounds "11"]
[EventCountry "USA"]
[SourceTitle "CB18_2024"]
[SourceDate "2024.05.01"]
[SourceVersion "1"]
[SourceVersionDate "2024.05.01"]
[SourceQuality "2"]

1. e4 e5 2. Nf3 Nc6 3. Bc4 Bc5 4. d3 Nf6 5. c3 d6 6. 0-0 h6 7. a4 0-0 8. h3 a5 9. Re1 Qe7 10. Nbd2 Be6 11. Bb5 Rac8 12. Nf1 Na7 13. Bc4 Bxc4 14. dxc4 Nc6 15. Ng3 Qe8 16. Nh4 Ne7 17. Nhf5 Kh7 18. Qf3 Nfg8 19. Nxg7 Kxg7 20. Nh5+ Kh7 21. Qg4 Ng6 22. b4 axb4 23. cxb4 Bd4 24. Ra3 Qe6 25. Qe2 f5 26. Rg3 f4 27. Rg4 Nf6 28. Nxf6+ Rxf6 29. Kh2 Rcf8 30. f3 Rg8 31. Rd1 Rf7 32. Bb2 Bxb2 33. Qxb2 Qxc4 34. Rc1 Qe6 35. b5 b6 36. Qc3 Rgg7 37. a5 bxa5 38. Qxa5 Qb3 0-1

[Event "Titled Tuesday intern op 02nd Apr Early"]
[Site "Chess.com INT"]
[Date "2024.04.02"]
[Round "6"]
[White "Stillger, Bernhard"]
[Black "Ho, In Hei Henry"]
[Result "1/2-1/2"]
[WhiteElo "2256"]
[BlackElo "1762"]
[PlyCount "104"]
[EventDate "2024.04.02"]
[EventType "swiss (blitz)"]
[EventRounds "11"]
[EventCountry "USA"]
[SourceTitle "CB15_2024"]
[SourceDate "2024.04.10"]
[SourceVersion "1"]
[SourceVersionDate "2024.04.10"]
[SourceQuality "1"]

1. Nf3 d5 2. g3 Nf6 3. Bg2 e6 4. 0-0 Be7 5. c4 c6 6. d4 0-0 7. Qc2 Nbd7 8. b3 b6 9. Rd1 Bb7 10. Nc3 Rc8 11. e4 dxe4 12. Nxe4 c5 13. Nxf6+ Bxf6 14. Ng5 Bxg5 15. Bxb7 Rc7 16. dxc5 bxc5 17. Be4 g6 18. Bb2 Qe7 19. Rd3 Bf6 20. Rad1 Ne5 21. R3d2 Rcc8 22. h3 Rfd8 23. f4 Rxd2 24. Qxd2 Nc6 25. Bxf6 Qxf6 26. Bxc6 Rxc6 27. Qd8+ Kg7 28. Qxf6+ Kxf6 29. Kf2 Ra6 30. Rd2 e5 31. fxe5+ Kxe5 32. Rd5+ Ke6 33. Rxc5 Rxa2+ 34. Ke3 f5 35. h4 Ra3 36. Rb5 a5 37. Kf4 a4 38. Rb6+ Kf7 39. bxa4 Rxa4 40. Rc6 h6 41. h5 gxh5 42. Kxf5 Ra5+ 43. c5 Ra3 44. Rc7+ Ke8 45. Kg6 Rxg3+ 46. Kxh5 Kd8 47. Rc6 Kd7 48. Rd6+ Kc7 49. Rd5 Kc6 50. Rf5 Rg5+ 51. Rxg5 hxg5 52. Kxg5 Kxc5 1/2-1/2

[Event "Hong Kong op"]
[Site "Hong Kong"]
[Date "2023.12.28"]
[Round "8"]
[White "Fang, Tianyang"]
[Black "Ho, In Hei Henry"]
[Result "1/2-1/2"]
[WhiteElo "1275"]
[BlackElo "1676"]
[PlyCount "159"]
[EventDate "2023.12.24"]
[EventType "swiss"]
[EventRounds "9"]
[EventCountry "HKG"]
[SourceTitle "CB01_2024"]
[SourceDate "2024.01.03"]
[SourceVersion "1"]
[SourceVersionDate "2024.01.03"]
[SourceQuality "1"]

1. e4 e6 2. d4 d5 3. e5 c5 4. c3 Qb6 5. Nf3 Nc6 6. Bd3 Bd7 7. dxc5 Bxc5 8. 0-0 a5 9. Nbd2 a4 10. b4 axb3 11. Nxb3 Ba3 12. Qe2 Nge7 13. h4 Qc7 14. Bf4 Na5 15. Rab1 Nc4 16. Nbd4 Ba4 17. Nb5 Bxb5 18. Rxb5 Na5 19. Be3 Nec6 20. Bb6 Qe7 21. Ng5 h6 22. Nf3 0-0 23. Qe3 Rfc8 24. g3 Nc4 25. Bxc4 dxc4 26. Nd2 Qd7 27. Nxc4 Nxe5 28. Nxa3 Ng4 29. Qf3 Rxa3 30. Rc5 Rxc5 31. Bxc5 Ra4 32. Bd4 e5 33. Be3 e4 34. Qf4 Nxe3 35. Qxe3 Qc6 36. Re1 b5 37. Re2 Rc4 38. Kg2 Qf6 39. Rb2 Qc6 40. Rb4 f5 41. Rxc4 Qxc4 42. a3 Qd5 43. Kg1 Kh7 44. Qb6 Qd1+ 45. Kh2 Qe2 46. Qd4 Qf3 47. Kg1 f4 48. Qe5 fxg3 49. Qxg3 Qd1+ 50. Kg2 Qd5 51. Qe3 Qc6 52. Kg1 Qe6 53. Qf4 Qd5 54. Qe3 Qe5 55. Kf1 Qe6 56. Kg2 Qf5 57. Kh2 Qg4 58. Qg3 Qh5 59. Kg2 Qd5 60. Qe3 Kg6 61. Kg3 Qe5+ 62. Kh3 Kf5 63. Kg2 Qd5 64. Qh3+ Kf6 65. Qe3 g5 66. h5 Qe5 67. Qb6+ Kf5 68. Qg6+ Kg4 69. Qxh6 Qf5 70. Qd6 Qf3+ 71. Kg1 Kxh5 72. Qh2+ Kg4 73. Qh8 Qd1+ 74. Kg2 Qf3+ 75. Kg1 Qf5 76. Qd4 Kh4 77. Qh8+ Kg4 78. Qd4 Kh5 79. Qh8+ Kg4 80. Qd4 1/2-1/2

[Event "Titled Tuesday intern op 11th Jul Early"]
[Site "Chess.com INT"]
[Date "2023.07.11"]
[Round "6"]
[White "Szyszylo, Rafal"]
[Black "Ho, In Hei Henry"]
[Result "1-0"]
[WhiteElo "2074"]
[BlackElo "1707"]
[PlyCount "77"]
[EventDate "2023.07.11"]
[EventType "swiss (blitz)"]
[EventRounds "11"]
[EventCountry "USA"]
[SourceTitle "EXT 2024"]
[Source "ChessBase"]
[SourceDate "2023.10.10"]
[SourceVersion "1"]
[SourceVersionDate "2023.10.10"]
[SourceQuality "1"]

1. e4 d5 2. exd5 Qxd5 3. Nc3 Qa5 4. d4 Nf6 5. Nf3 Bf5 6. Bc4 e6 7. Bd2 Bb4 8. a3 Bxc3 9. Bxc3 Qb6 10. Qe2 0-0 11. Nh4 Be4 12. f3 Bd5 13. Bd3 Nbd7 14. g4 c5 15. g5 Nh5 16. dxc5 Nxc5 17. 0-0-0 Nf4 18. Qe5 Nfxd3+ 19. cxd3 f6 20. gxf6 Rxf6 21. Qg3 Rf7 22. Rhg1 Nb3+ 23. Kb1 Nd4 24. Qe5 Ba2+ 25. Ka1 Rd8 26. Bxd4 Rxd4 27. Kxa2 a5 28. Rc1 Rd8 29. Qc5 Qa6 30. Qc4 Qd6 31. f4 b6 32. Rg3 a4 33. Re1 b5 34. Qxe6 Qxe6+ 35. Rxe6 Rfd7 36. Nf5 Kf8 37. d4 Rd5 38. Re5 Rxe5 39. fxe5 1-0

[Event "Titled Tuesday intern op 04th Jul Early"]
[Site "Chess.com INT"]
[Date "2023.07.04"]
[Round "10"]
[White "Ho, In Hei Henry"]
[Black "Martin, Lewis"]
[Result "0-1"]
[WhiteElo "1707"]
[BlackElo "2135"]
[PlyCount "82"]
[EventDate "2023.07.04"]
[EventType "swiss (blitz)"]
[EventRounds "11"]
[EventCountry "USA"]
[SourceTitle "EXT 2024"]
[Source "ChessBase"]
[SourceDate "2023.10.10"]
[SourceVersion "1"]
[SourceVersionDate "2023.10.10"]
[SourceQuality "1"]

1. e4 c5 2. Nc3 Nc6 3. f4 e6 4. Nf3 a6 5. d3 b5 6. Be3 d5 7. Bf2 d4 8. Ne2 e5 9. fxe5 Bg4 10. Bg3 h5 11. h3 Bxf3 12. gxf3 Be7 13. f4 Bh4 14. Rg1 Nh6 15. Qd2 Qe7 16. a3 0-0-0 17. Kd1 Bxg3 18. Nxg3 f6 19. exf6 gxf6 20. Nxh5 Rhg8 21. Ng3 Rg7 22. Qf2 Rdg8 23. Be2 Nf7 24. Bg4+ Kb7 25. Kd2 Nd6 26. Nf5 Nxf5 27. Bxf5 Qc7 28. Rxg7 Rxg7 29. Rg1 Rxg1 30. Qxg1 Qxf4+ 31. Kd1 Ne5 32. Qg7+ Kb6 33. Qxf6+ Ka5 34. b4+ cxb4 35. axb4+ Kxb4 36. Qd6+ Kc3 37. Qc5+ Nc4 38. Ke2 Kxc2 39. dxc4 d3+ 40. Ke1 d2+ 41. Ke2 d1Q# 0-1

[Event "Titled Tuesday intern op 04th Jul Early"]
[Site "Chess.com INT"]
[Date "2023.07.04"]
[Round "4"]
[White "Ho, In Hei Henry"]
[Black "Petrova, Irina"]
[Result "0-1"]
[WhiteElo "1707"]
[BlackElo "2108"]
[PlyCount "70"]
[EventDate "2023.07.04"]
[EventType "swiss (blitz)"]
[EventRounds "11"]
[EventCountry "USA"]
[SourceTitle "EXT 2024"]
[Source "ChessBase"]
[SourceDate "2023.10.10"]
[SourceVersion "1"]
[SourceVersionDate "2023.10.10"]
[SourceQuality "1"]

1. d4 d6 2. g3 g6 3. Bg2 Bg7 4. Nf3 Nf6 5. 0-0 0-0 6. c3 Nc6 7. Re1 Bf5 8. Nbd2 Ne4 9. Nh4 Nxd2 10. Bxd2 Bd7 11. Nf3 e5 12. d5 Ne7 13. e4 f5 14. Bg5 Qe8 15. Nd2 h6 16. Bxe7 Qxe7 17. exf5 gxf5 18. c4 f4 19. Be4 fxg3 20. fxg3 Qf6 21. Rf1 Qg5 22. Nf3 Qe3+ 23. Rf2 Qxe4 24. Qf1 Bg4 25. Nd2 Qd4 26. Nb3 Qxf2+ 27. Qxf2 Rxf2 28. Kxf2 Rf8+ 29. Ke3 e4 30. Na5 b6 31. Nc6 Bxb2 32. Rg1 Bf3 33. Nxa7 Ba3 34. Rf1 Bc5+ 35. Kd2 e3+ 0-1

[Event "Titled Tuesday intern op 27th Jun Early"]
[Site "Chess.com INT"]
[Date "2023.06.27"]
[Round "8"]
[White "Biriukov, Ilja"]
[Black "Ho, In Hei Henry"]
[Result "0-1"]
[WhiteElo "2311"]
[BlackElo "1707"]
[PlyCount "55"]
[EventDate "2023.06.27"]
[EventType "swiss (blitz)"]
[EventRounds "11"]
[EventCountry "USA"]
[SourceTitle "EXT 2024"]
[Source "ChessBase"]
[SourceDate "2023.10.10"]
[SourceVersion "1"]
[SourceVersionDate "2023.10.10"]
[SourceQuality "1"]

1. c4 c5 2. Nc3 Nc6 3. g3 g6 4. Bg2 Bg7 5. e3 Nf6 6. Nge2 d6 7. 0-0 0-0 8. d3 a6 9. a3 Rb8 10. Rb1 Bd7 11. b4 cxb4 12. axb4 b5 13. cxb5 axb5 14. Qb3 Ne5 15. Rd1 Be6 16. Qc2 Qb6 17. Nd4 Bd7 18. f4 Nc6 19. Ncxb5 Rfc8 20. Qd2 Ng4 21. h3 Nxd4 22. Nxd4 Nxe3 23. Kh2 Bxd4 24. Re1 Nxg2 25. Qxg2 Bf6 26. g4 e6 27. g5 Bc3 28. h4 0-1

[Event "Titled Tuesday intern op 27th Jun Early"]
[Site "Chess.com INT"]
[Date "2023.06.27"]
[Round "10"]
[White "Ho, In Hei Henry"]
[Black "Vaglio Munoz, Jaime"]
[Result "1-0"]
[WhiteElo "1707"]
[BlackElo "2174"]
[PlyCount "91"]
[EventDate "2023.06.27"]
[EventType "swiss (blitz)"]
[EventRounds "11"]
[EventCountry "USA"]
[SourceTitle "EXT 2024"]
[Source "ChessBase"]
[SourceDate "2023.10.10"]
[SourceVersion "1"]
[SourceVersionDate "2023.10.10"]
[SourceQuality "1"]

1. d4 c6 2. c4 b5 3. b3 d5 4. e3 bxc4 5. bxc4 Nf6 6. Nf3 Bg4 7. Nc3 Bxf3 8. Qxf3 e6 9. c5 Nbd7 10. Bd3 e5 11. Bf5 e4 12. Qh3 g6 13. Bxd7+ Qxd7 14. Qxd7+ Nxd7 15. Bd2 Rb8 16. Ke2 Be7 17. Rhb1 0-0 18. f3 f5 19. Na4 Kf7 20. Ba5 Ke6 21. Bc7 Rbc8 22. Rb7 Ra8 23. Rab1 Rfc8 24. Bg3 g5 25. Nc3 h5 26. h3 Bd8 27. fxe4 fxe4 28. Rf1 Ba5 29. Nd1 Rf8 30. Bd6 Rxf1 31. Kxf1 Nf6 32. Nf2 g4 33. hxg4 hxg4 34. Nh1 Bd2 35. Ng3 Nd7 36. Ke2 Ba5 37. Nh5 Rd8 38. Nf4+ Kf5 39. Rxa7 g3 40. Rxa5 Rh8 41. Ra7 Nf6 42. Rf7 Kg5 43. Be7 Rh1 44. Rxf6 Kg4 45. Rg6+ Kf5 46. Rg5# 1-0

[Event "Titled Tuesday intern op 17th Jan Early"]
[Site "Chess.com INT"]
[Date "2023.01.17"]
[Round "6"]
[White "Ho, In Hei Henry"]
[Black "Martin, Lewis"]
[Result "0-1"]
[WhiteElo "1735"]
[BlackElo "2135"]
[PlyCount "44"]
[EventDate "2023.01.17"]
[EventType "swiss (blitz)"]
[EventRounds "11"]
[EventCountry "USA"]
[SourceTitle "CBM 212 Extra"]
[Source "ChessBase"]
[SourceDate "2023.03.31"]
[SourceVersion "1"]
[SourceVersionDate "2023.03.31"]
[SourceQuality "1"]

1. e4 c5 2. Nf3 d6 3. d4 cxd4 4. Nxd4 Nf6 5. Nc3 a6 6. f3 e5 7. Nb3 Be7 8. Be3 Be6 9. Qd2 0-0 10. 0-0-0 Qc8 11. Kb1 a5 12. a4 Rd8 13. g4 d5 14. exd5 Nxd5 15. Nxd5 Bxd5 16. Qf2 Bxb3 17. Rxd8+ Qxd8 18. cxb3 Qd1+ 19. Ka2 Nc6 20. Bg2 Nb4+ 21. Ka3 Nd3+ 22. Bc5 Nxf2 0-1

[Event "Titled Tuesday intern op 26th Jan"]
[Site "Chess.com INT"]
[Date "2021.01.26"]
[Round "11"]
[White "Lauridsen, Jesper Morch"]
[Black "Ho, In Hei Henry"]
[Result "1-0"]
[WhiteElo "2215"]
[BlackElo "1788"]
[PlyCount "79"]
[EventDate "2021.01.26"]
[EventType "swiss (blitz)"]
[EventRounds "11"]
[EventCountry "USA"]
[SourceTitle "CBM 200 Extra"]
[Source "ChessBase"]
[SourceDate "2021.03.31"]
[SourceVersion "1"]
[SourceVersionDate "2021.03.31"]
[SourceQuality "1"]

1. d4 Nf6 2. Bg5 d5 3. Nf3 Bf5 4. e3 e6 5. c4 Be7 6. Qb3 b6 7. Nc3 0-0 8. Bxf6 Bxf6 9. cxd5 exd5 10. Nxd5 Re8 11. Nxf6+ Qxf6 12. Be2 Be4 13. 0-0 Nd7 14. Rac1 c5 15. Qa4 Bc6 16. Bb5 Bxf3 17. gxf3 Re6 18. Bxd7 Qg5+ 19. Kh1 Rh6 20. dxc5 Qh5 21. h3 Qxf3+ 22. Kh2 f5 23. h4 g5 24. Rg1 Qxf2+ 25. Rg2 Rxh4+ 26. Qxh4 Qxh4+ 27. Kg1 Kf7 28. c6 Ke7 29. Bxf5 h6 30. c7 Qb4 31. Rd1 Kf6 32. Rf2 Qc5 33. c8Q Rxc8 34. Bxc8+ Ke5 35. Bg4 Qxe3 36. Kf1 Qg3 37. Bf3 h5 38. Re1+ Kf4 39. Bg2+ Qxf2+ 40. Kxf2 1-0

[Event "Titled Tuesday intern op 26th Jan"]
[Site "Chess.com INT"]
[Date "2021.01.26"]
[Round "1"]
[White "Sokolovsky, Yahli"]
[Black "Ho, In Hei Henry"]
[Result "1-0"]
[WhiteElo "2472"]
[BlackElo "1788"]
[PlyCount "63"]
[EventDate "2021.01.26"]
[EventType "swiss (blitz)"]
[EventRounds "11"]
[EventCountry "USA"]
[SourceTitle "CBM 200 Extra"]
[Source "ChessBase"]
[SourceDate "2021.03.31"]
[SourceVersion "1"]
[SourceVersionDate "2021.03.31"]
[SourceQuality "1"]

1. b3 Nf6 2. Bb2 e6 3. e3 d5 4. f4 Be7 5. Nf3 c5 6. d4 Nc6 7. Bd3 0-0 8. 0-0 a6 9. a4 Nb4 10. Ne5 Nxd3 11. cxd3 b6 12. Nc6 Qc7 13. Nxe7+ Qxe7 14. Nd2 Bd7 15. Nf3 b5 16. Qd2 Rfc8 17. Ba3 b4 18. Bb2 c4 19. dxc4 dxc4 20. bxc4 Rxc4 21. Ne5 Rc7 22. Rfc1 Rac8 23. a5 Bb5 24. Nd3 Nd5 25. Nc5 Rxc5 26. dxc5 Rxc5 27. Qd4 Rxc1+ 28. Rxc1 f6 29. Kf2 Qd8 30. e4 Qxa5 31. exd5 exd5 32. Qxd5+ 1-0